Statistics for Closest country acrostics- H and I countries

Click here to take the quiz!

General Stats

  • This quiz has been taken 655 times
  • The average score is 59 of 67

Answer Stats

HintAnswer% Correct
HHonduras
99%
AAntigua and Barbuda
97%
HHaiti
96%
IIreland
95%
NNicaragua
94%
OOman
94%
DDenmark
93%
AAntigua and Barbuda
92%
IIceland
92%
IIran
92%
IIraq
92%
QQatar
92%
TTrinidad and Tobago
92%
YYemen
92%
OOman
91%
RRomania
91%
AAustria
90%
DDenmark
90%
EEstonia
90%
IIceland
90%
IIndia
90%
LLuxembourg
90%
UUnited States
90%
YYemen
90%
DDominican Republic
89%
IIran
89%
IIreland
89%
NNepal
89%
NNorway
89%
AAndorra
88%
AAzerbaijan
88%
HHaiti
88%
IIraq
88%
IIraq
88%
NNetherlands
88%
SSyria
88%
UUkraine
88%
GGermany
87%
LLuxembourg
87%
AAndorra
86%
AArmenia
86%
EEstonia
86%
NNepal
86%
NNetherlands
86%
RRomania
86%
SSaint Kitts and Nevis
86%
AAfghanistan
85%
RRomania
85%
AArmenia
84%
EEast Timor
84%
IIreland
84%
LLebanon
84%
RRomania
84%
AAustralia
83%
NNepal
83%
RRomania
83%
SSingapore
83%
DDjibouti
82%
IIran
82%
LLiechtenstein
82%
DDjibouti
81%
EEgypt
81%
AAlbania
80%
TTunisia
80%
RRomania
79%
CCzech Republic
75%
NNorth Korea
74%

Score Distribution

Percentile by Number Answered

Percent of People with Each Score

Your Score History

You have not taken this quiz